| 000 | 01935nam a2200301 a 4500 | ||
|---|---|---|---|
| 001 | 69811 | ||
| 003 | BD-RjUL | ||
| 005 | 20211209081928.0 | ||
| 008 | 181023r19731974ii a 001 0 eng d | ||
| 035 | _a(BD-RjUL)70023 | ||
| 040 |
_aDLC _cCUY _dCUY _dBD-RjUL _beng |
||
| 041 | _aeng | ||
| 082 |
_223 _a915.414021 _bHUS V-1-V10 1973-1974 |
||
| 100 | 1 |
_aHunter, William Wilson _9206768 |
|
| 245 | 1 | 2 |
_aA statistical account of Bengal / _cBy W. W. Hunter |
| 250 | _a1st Indian Reprinted ed. | ||
| 260 |
_aDelhi : _bD. K. Punlishing House, _c1875-1876 [Reprinted 1973-1974]. |
||
| 300 |
_av. : _bill. ; _c23 cm. |
||
| 500 | _aInclude Index. | ||
| 500 | _a"v. 6. Principally compiled by H. M. Kisch" v. 8. Districts of Rájsháhi and Bográ / The Accout of Bogra has been compliend by C. J. O'donnell "v. 9. Districts of Murshidábad and Pábná / The Account of Pabna has been compiled by M. H. Kisch " - | ||
| 505 | 0 | _aVol. 1. Districts of the 24 Parganas and Sundarbans.-- v. 2. Districts of Nadia and Jessore.--v. 3. Districts of Midnapur and Hughli (including Howrah) -- v. 4. Districts of Bardwan, Bankura, and Birbhum -- v. 5. Districts of Dacca, Bákarganj, Farídpur, and Maimansinh -- v. 6. Chittagong Hill Tracts, Chittagong, Noákhálí. Tipperah, Hill Tipperah / Principally compiled by H. M. Kisch, --v. 7. Districts of Maldah, Rangpur, and Dinājpur -- v. 8. Districts of Rájsháhi and Bográ / The Accout of Bogra has been compliend by C. J. O'donnell -- v. 9. Districts of Murshidábad and Pábná / The Account of Pabna has been compiled by M. H. Kisch/ --v. 10. Districts of Dárjíling and Jalpáiguri, and State of Kuch Behar.-- | |
| 650 |
_aBengal (India) _xStatistics. _9224099 |
||
| 651 |
_aIndia _zBengal _vStatistics _9224090 |
||
| 700 |
_aKisch, H. M. , [Compilor of V. 6, V. 9] _9224162 |
||
| 700 |
_aO'donnell, C. J. , [Compilor of V. 8] _9224163 |
||
| 942 |
_2ddc _cBK |
||
| 999 |
_c69811 _d69811 |
||